Denka CR technical information Kogyo, Kabushiki, Kaisha, Japan Denka chloroprene for automobile industry (Record no. 56797)

MARC details
000 -LEADER
fixed length control field 00456nam a2200121Ia 4500
100 ## - MAIN ENTRY--AUTHOR NAME
Personal name Kimura Haruhiro
245 #0 - TITLE STATEMENT
Title Denka CR technical information Kogyo, Kabushiki, Kaisha, Japan Denka chloroprene for automobile industry
260 ## - PUBLICATION, DISTRIBUTION, ETC. (IMPRINT)
Name of publisher Papers presented at the IRMRA 18th Rubber Conference, Mumbai, January 20-21, 2000. p47-70
650 ## - SUBJECT ADDED ENTRY--TOPICAL TERM
Topical Term Automobile industry
650 ## - SUBJECT ADDED ENTRY--TOPICAL TERM
Topical Term Denka chloroprene
942 ## - ADDED ENTRY ELEMENTS (KOHA)
Koha item type Journals
Holdings
Withdrawn status Lost status Damaged status Not for loan Home library Current library Shelving location Date acquired Koha item type
      Journals RRII Library RRII Library Rubber chemistry 17/12/2021 Journals